EA FC24 Superlig TOTS - Statistics

General Stats
  • This quiz has been taken 36 times
  • The average score is 6 of 10
Answer Stats
Rate Club Nation Answer % Correct
95 Galatasaray Argentina Mauro Icardi
96%
92 Galatasaray Uruguay Fernando Muslera
71%
93 Galatasaray Ivory Coast Wilfried Zaha
68%
94 Fenerbahce Brazil Fred
64%
90 Fenerbahce Serbia Dusan Tadic
57%
92 Demirspor Italy Mario Balotelli
57%
94 Demirspor Portugal Nani
50%
93 Fenerbahce Italy Leonardo Bonucci
43%
90 Fenerbahce Turkey Ferdi Kadioglu
39%
88 Karagumruk Turkey Levent Mercan
32%
No matching quizzes found
Score Distribution
Percent of People with Each Score
Percentile by Number Answered
Your Score History
You have not taken this quiz